[Event "58. BEM 2004"]
[Site "Dortmund"]
[Date "2004.03.15"]
[Round "7.8"]
[White "Mrozinski, Werner"]
[Black "Ziemek, Gerhard"]
[Result "1-0"]
[WhiteElo "1965"]
[BlackElo "1740"]
[Annotator "Fritz 7 (15s)"]
[PlyCount "73"]
[EventDate "2004.??.??"]
[Source "SG Dortmund"]
[SourceDate "2004.12.16"]

{A09: Reti Opening: 1 Nf3 d5 2 c4
} 1. Nf3 d5 2. c4 Nf6 3. cxd5 Qxd5 4. Nc3 Qd8
5. e3 c5 6. Bc4 Nc6 7. O-O e6 8. d4 cxd4 9. exd4 Be7 10. Bf4 a6 11. Rc1 O-O 12.
Bd3 Bd6 $146 (12... Nb4 13. Bb1 Bd7 14. Ne5 Bc6 15. a3 Nbd5 16. Nxc6 bxc6 17.
Ne2 Qb6 18. Qc2 Nxf4 19. Nxf4 Rfd8 20. Rfd1 a5 21. Qc3 c5 22. Ne2 Rab8 23. Rc2
cxd4 24. Rxd4 Rxd4 25. Nxd4 Rd8 26. Rd2 Bc5 27. Nf3 {
Topalovic,Z-Dumpor,A/Opatija 2001/EXT 2002/0-1 (39)}) (12... Nxd4 $2 {
ist ein Schlag ins Wasser} 13. Nxd4 Qa5 14. Re1 $18) 13. Bg5 h6 14. Bh4 Be7 15.
Bb1 Nb4 16. a3 Nbd5 17. Qc2 g6 (17... Nxc3 18. Bxf6 Nxb1 19. Bxe7 Qxe7 20. Qxb1
b6 $11) 18. Ne5 $16 Nxc3 19. bxc3 (19. Qxc3 Nd5 20. Bxe7 Nxc3 21. Bxd8 Ne2+ 22.
Kh1 Nxc1 $16) 19... Qe8 20. Qd2 Kg7 21. f4 b5 22. Rf3 Bb7 23. Rg3 Ne4 24. Bxe4
Bxe4 25. Bxe7 Qxe7 26. Qe3 Bf5 27. Rf3 Qxa3 28. Nd7 Rfd8 29. Qe5+ Kg8 (29... f6
$5 30. Nxf6 Kf7 $15) 30. Nf6+ $11 Kf8 31. Rcf1 Bc2 (31... Rac8 32. Nh7+ Ke7 33.
Qf6+ Kd7 34. h3 $15) 32. Rh3 (32. Nd7+ Kg8 33. f5 Bxf5 34. Nf6+ Kf8 $16) 32...
Qd6 33. Rxh6 Qxe5 34. fxe5 ({Weniger gut ist} 34. dxe5 Ke7 $15) 34... Ke7 35.
Rh7 Rh8 $4 {ein Ende mit Schrecken} (35... Rf8 $142 36. Rg7 Rac8 $16) 36. Nd5+
$1 $18 {Zerstoerung der Bauerndeckung} 36... exd5 37. Rfxf7+ (37. Rfxf7+ Ke8
38. Rxh8+ Kxf7 39. Rxa8 $18) 1-0

[Event "58. BEM 2004"]
[Site "Dortmund"]
[Date "2004.03.15"]
[Round "7.9"]
[White "Kleymann, Jelena"]
[Black "Büchle, Manfred"]
[Result "1/2-1/2"]
[WhiteElo "1865"]
[BlackElo "1959"]
[Annotator "Fritz 7 (15s)"]
[PlyCount "68"]
[EventDate "2004.??.??"]
[Source "SG Dortmund"]
[SourceDate "2004.12.16"]

{B80: Sicilian Scheveningen: 6 g3 and 6 Be3, including English Attack
} 1. e4
c5 2. Nf3 d6 3. d4 cxd4 4. Nxd4 Nf6 5. Nc3 a6 6. Be3 e6 7. f3 Be7 8. Qd2 Qc7 9.
Bd3 (9. O-O-O Nbd7 10. Kb1 Ne5 11. g4 Nc4 12. Bxc4 Qxc4 13. g5 Nd7 14. f4 Qc7
15. f5 Ne5 16. Qg2 Bd7 17. Rhf1 O-O-O 18. h4 Rhe8 19. f6 Bf8 20. h5 Kb8 21. g6
hxg6 22. hxg6 gxf6 23. gxf7 Nxf7 {Asanov,B-Leroy,A/Duisburg 1992/TD/0-1 (86)})
9... Nc6 (9... Nbd7 10. O-O-O b5 11. Kb1 Bb7 12. g4 Nb6 13. Qe2 O-O 14. Qf2 Nc4
15. h4 Nxe3 16. Qxe3 b4 17. Nce2 Qc5 18. Qd2 a5 19. h5 Nd7 20. Nb3 Qb6 21. g5
g6 22. hxg6 fxg6 23. Rh3 Ne5 24. Nbd4 d5 25. Rdh1 Nxd3 26. Rxh7 e5 27. Rxe7
exd4 28. Qxd3 dxe4 29. Qc4+ {
1-0 Lorenz,G-Froembgen,A/Lahnstein 1999/EXT 2001 (29)}) 10. O-O $146 (10. Nxc6
Qxc6 (10... bxc6 11. g4 d5 12. O-O-O e5 13. exd5 cxd5 14. Bg5 Be6 15. h4 h6 16.
Bxf6 Bxf6 17. g5 Be7 18. gxh6 Rxh6 19. Rdg1 Bf8 20. Qe2 d4 21. Ne4 Bxa2 22. f4
Bd5 23. fxe5 Qxe5 24. Rg5 Qf4+ 25. Kb1 Bxe4 26. Bxe4 Re6 27. Bc6+ Ke7 28. Qxe6+
fxe6 {1/2-1/2 Eichenauer,C-Baur,F/Weiler 1993/EXT 97 (28)}) 11. O-O O-O 12. Ne2
b5 13. Rac1 Bb7 14. c4 bxc4 15. Bxc4 Qd7 16. Rfd1 e5 17. Nc3 Rfc8 18. Nd5 Nxd5
19. Bxd5 Rxc1 20. Rxc1 Rc8 21. Bc4 g6 22. b3 Kg7 23. Bh6+ Kg8 24. Rd1 Qc7 25.
g4 Rd8 26. Kg2 Qc8 27. Kg3 Bf8 28. Bg5 Rd7 29. Rc1 Qa8 30. Rd1 Kg7 31. h4 Bc6
32. a4 Rc7 33. Bh6+ Kg8 34. Bxf8 Qxf8 35. Qxd6 Qxd6 36. Rxd6 Bxa4 37. Rxa6 Bd7
38. Ra5 Kg7 39. Rxe5 {1-0 Hoppe,F-Pfeiffer,J/Berlin 1995/CBM 47 ext (39)})
10... Nxd4 11. Bxd4 b5 12. Kh1 Bb7 13. a4 bxa4 (13... b4 $5 14. Ne2 e5 $11) 14.
Nxa4 O-O 15. Nb6 Rab8 16. Bxa6 (16. Nc4 Nd7 $14) 16... e5 17. Be3 Bc6 18. Nc4
d5 19. exd5 Nxd5 20. b3 {Nimmt Einfluss auf a4} 20... Bb4 21. Qf2 Bc3 22. Ra3
Nxe3 23. Nxe3 Ra8 24. Qh4 Bb5 {Die Raeumung erlaubt c7-c5} 25. Bxb5 {
Nutzt die Fesselung aus} 25... Rxa3 26. Bd3 g6 {Deckt f5} 27. Nd5 Qc5 (27...
Qa5 $5 {muss beachtet werden} 28. Nf6+ Kg7 29. Nxh7 Qd8 $11) 28. Nf6+ $14 Kg7
29. Nh5+ (29. Nd7 $5 {ist vielleicht staerker} 29... Qd6 30. Nxf8 Qxf8 31. f4
$14) 29... gxh5 $11 30. Qg5+ Kh8 31. Qf5 Kg7 32. f4 Ra1 33. Qg5+ Kh8 34. Qf6+
Kg8 1/2-1/2

[Event "58. BEM 2004"]
[Site "Dortmund"]
[Date "2004.03.15"]
[Round "7.10"]
[White "Barskij, Aleksandr"]
[Black "Thormann, Olaf"]
[Result "0-1"]
[WhiteElo "1828"]
[BlackElo "1900"]
[Annotator "Fritz 7 (15s)"]
[PlyCount "98"]
[EventDate "2004.??.??"]
[Source "SG Dortmund"]
[SourceDate "2004.12.16"]

{B32: Sicilian: Loewenthal and Kalashnikov Variations
} 1. e4 c5 2. Nf3 Nc6 3.
d4 cxd4 4. Nxd4 e5 5. Nb5 a6 6. Nd6+ Bxd6 7. Qxd6 Qe7 8. Qd1 Nf6 9. Nc3 h6 10.
Be3 Qb4 (10... O-O 11. Be2 d6 12. O-O Be6 13. Re1 Rac8 14. Nd5 Bxd5 15. exd5
Nb8 16. c4 Nbd7 17. b4 Ne4 18. Bd3 f5 19. Bxe4 fxe4 20. Rc1 Nf6 21. Qd2 Qf7 22.
Red1 Rcd8 23. Qe2 Rd7 24. Rc2 Qg6 25. h3 {
Klovans,J-Klundt,K/Schwaebisch Gmund 1996/EXT 98/1/2-1/2 (42)}) 11. a3 Qa5 $146
(11... Qe7 12. Bc4 d6 13. f3 Be6 14. Bd5 O-O 15. Qd2 Bxd5 16. Nxd5 Nxd5 17.
Qxd5 Qc7 18. O-O-O Rfd8 19. g4 Rac8 20. c3 Na5 21. Rd3 Nc4 22. Rhd1 b5 23. h4
Qa5 24. Kb1 Qa4 25. Bc1 Qb3 26. Ka1 {
Chladny,R-Saga,V/SVK 2000/EXT 2002/1-0 (39)}) (11... Qxb2 12. Na4 Qxa1 13. Qxa1
Nxe4 14. Bd3 Nf6 15. O-O O-O 16. Nb6 Rb8 17. Bc5 d5 18. Bxf8 Kxf8 19. Nxc8 Rxc8
20. Qb2 Rb8 21. Qb6 Ke7 22. Qc7+ Ke6 23. f4 Ne8 24. f5+ Kf6 25. Qb6 {
1-0 Mechtcheriakova,E-Weingartner,H/Zalakaros 1995/EXT 97 (25)}) 12. Qd2 b5 13.
f3 O-O 14. Nd5 Qxd2+ 15. Kxd2 Nxd5 16. exd5 Ne7 17. Bc5 Re8 18. d6 Ng6 19. Bd3
Bb7 {Ermoeglicht auch e4} 20. Bf5 e4 21. Bxd7 Red8 22. Bf5 exf3 23. gxf3 Ne5
24. Be4 (24. Kc3 $142 $5 {und Weiss spielt mit} 24... Nxf3 25. a4 $14) 24...
Bxe4 $15 25. fxe4 Nc4+ 26. Ke2 (26. Kc1 Rac8 27. Bb4 a5 $15) 26... Nxd6 (26...
Rac8 $142 $5 27. b4 Nxd6 $17) 27. Bxd6 $11 Rxd6 28. Rad1 Rc6 29. Rd2 (29. c3
$142 $5 $11 {sieht noch spielbar aus}) 29... Re8 $17 30. Kf3 Rf6+ 31. Ke3 Rfe6
32. Rd4 f5 33. Rhd1 (33. Kf3 Rxe4 34. Rxe4 Rxe4 35. b3 $19) 33... Rxe4+ $19 34.
Rxe4 Rxe4+ ({Nachteilig ist} 34... fxe4 35. Rd6 $14) 35. Kf3 Kf7 36. Rd6 Re6
37. Rd5 Kf6 38. Rc5 g5 39. c4 g4+ 40. Kf2 Rb6 41. cxb5 Rxb5 42. Rc6+ Kg5 43.
Rxa6 $2 (43. b4 a5 44. Rc5 Rxc5 45. bxc5 $19) 43... Rxb2+ 44. Kg1 Kf4 45. Kf1 (
45. Rc6 $19) 45... Kf3 46. Ke1 Rxh2 47. Rb6 Ra2 48. Rb3+ Kg2 49. Rb6 (49. Rb4 {
aendert den Lauf der Dinge nicht} 49... g3 $19) 49... f4 (49... f4 50. Rb4 Kg3
$19) 0-1

[Event "58. BEM 2004"]
[Site "Dortmund"]
[Date "2004.03.15"]
[Round "7.11"]
[White "Hardt, Helmut"]
[Black "Grube, Jörg"]
[Result "0-1"]
[WhiteElo "1766"]
[BlackElo "1887"]
[Annotator "Fritz 7 (15s)"]
[PlyCount "92"]
[EventDate "2004.??.??"]
[Source "SG Dortmund"]
[SourceDate "2004.12.16"]

{E81: King's Indian: Saemisch: 6th move deviations (including 6 Be3 c6)
} 1. e4
g6 2. d4 Bg7 3. c4 d6 4. Nc3 Nf6 5. f3 O-O 6. Bg5 h6 (6... b6 7. Qd2 c5 8. d5
Nbd7 9. Nh3 a6 10. a4 Qc7 11. Nf2 Re8 12. Be2 Bb7 13. O-O e6 14. f4 exd5 15.
cxd5 c4 16. Rae1 Qc5 17. Bf3 b5 18. axb5 axb5 19. Bxf6 Bxf6 20. e5 dxe5 21.
Nce4 {Delchev,A-Janev,E/Bankia 1992/EXT 98/0-1 (35)}) 7. Bh4 Nc6 $146 (7... e5
8. d5 Nbd7 9. Qd2 Nc5 10. g4 g5 11. Bf2 Bxg4 12. fxg4 Ncxe4 13. Nxe4 Nxe4 14.
Qc2 Nxf2 15. Qxf2 Qd7 16. Qf5 Qa4 17. b3 Qb4+ 18. Kd1 e4 19. Rc1 Rfe8 20. Rc2
a5 21. Qf2 a4 22. Qe3 axb3 23. Qxb3 Qc5 24. Ne2 c6 25. Ng3 Ra3 26. Qxb7 Qd4+
27. Rd2 Qa1+ {0-1 Delgado Pastrana,J-Alvarez Vega,J/Gijon 2000/EXT 2001 (27)})
(7... c5 8. d5 e6 9. Bd3 exd5 10. cxd5 Nbd7 11. Nge2 a6 12. a4 Qa5 13. Bc2 Re8
14. O-O c4 15. Qd2 Nc5 16. Bf2 Bd7 17. Bd4 h5 18. Qf4 Re5 19. Bxe5 dxe5 20. Qd2
Qb6 21. a5 Ncxe4+ 22. axb6 {
Sarkar,J-Mac Intyre,P/30th World Open, Philadelphia USA 2002/1-0 (39)}) (7...
c6 8. Qd2 e5 9. d5 c5 10. g4 Kh7 11. Bf2 Bd7 12. Be3 Na6 13. g5 Ng8 14. gxh6
Bxh6 15. O-O-O Nc7 16. h4 a6 17. Bxh6 Nxh6 18. Bh3 b5 19. Bxd7 Qxd7 20. h5 Rh8
21. hxg6+ Kg7 22. gxf7 {Hufnagl,J-Wellner,E/Hollabrunn 1998/EXT 99/0-1 (36)})
8. Nge2 a6 {Sichert b5} 9. g4 e5 10. d5 {Weiss hat mehr Raum} 10... Nd4 11.
Nxd4 exd4 12. Ne2 c5 13. Qd2 (13. dxc6 $142 {und Weiss kann noch kaempfen}
13... bxc6 14. Qxd4 $11) 13... Nxe4 $1 $17 {Motiv: Raeumung fuer den Zug d8-h4.
} 14. Bxd8 (14. fxe4 Qxh4+) 14... Nxd2 15. Be7 (15. Kxd2 Rxd8 16. Ng3 b5 $17)
15... Re8 (15... Nxf3+ $142 16. Kf2 Ne5 $19 (16... Bxg4 $6 17. h3 Bh5 18. Ng3
$17)) 16. Bxd6 $2 (16. Kxd2 $142 Rxe7 17. Ng3 $19) 16... Nxc4 17. Bxc5 d3 18.
Kf2 dxe2 (18... Rxe2+ $6 19. Bxe2 dxe2 20. b3 Bxa1 21. bxc4 $19) 19. Bxe2 b6 (
19... Nxb2 $142 $5 {und Schwarz haette es noch leichter} 20. Rab1 $19) 20. Bxc4
bxc5 21. Rae1 Bd4+ (21... Bxb2 $4 {vergiftet...} 22. Rxe8+ Kg7 23. d6 $18) 22.
Kg2 Bd7 (22... Bb7 $5 {erleichterte Schwarz die Gewinnfuehrung} 23. d6 $19) 23.
b3 Bb5 24. Re4 $2 (24. f4 $19) 24... Rxe4 25. fxe4 Bxc4 26. bxc4 Rb8 27. Kf3 f6
28. a3 (28. h4 {aendert nichts mehr} 28... Rb2 $19) 28... Rb3+ 29. Kg2 Kf7 30.
h4 Rxa3 31. g5 h5 32. Rb1 Ra2+ 33. Kf3 Rf2+ 34. Kg3 Rb2 35. Rf1 (35. Rxb2 Bxb2
36. Kf4 fxg5+ 37. hxg5 a5 $19) 35... Be5+ 36. Kf3 fxg5 37. hxg5 a5 38. Ke3+ Ke7
39. Kd3 (39. d6+ {hilft auch nicht mehr} 39... Kxd6 40. Rf8 Bd4+ 41. Kd3 Rb3+
42. Ke2 Ke5 $19) 39... a4 40. d6+ (40. Re1 {
wuerde die Partie unwesentlich verlaengern} 40... a3 41. Ra1 $19) 40... Kxd6
41. Rf8 a3 42. Rg8 a2 43. Rxg6+ Ke7 44. Ra6 h4 45. Ra7+ Kf8 46. g6 h3 (46... h3
47. g7+ Bxg7 48. Ra8+ Kf7 49. Ra7+ Kg6 50. Ra6+ Kh7 51. Rb6 Rxb6 52. Ke2 Rb3
53. Kf1 Rb2 54. e5 a1=Q#) 0-1

[Event "58. BEM 2004"]
[Site "Dortmund"]
[Date "2004.03.15"]
[Round "7.12"]
[White "Krause, Dieter"]
[Black "Iwannek, Ralf"]
[Result "1-0"]
[WhiteElo "1873"]
[BlackElo "1771"]
[Annotator "Fritz 7 (15s)"]
[PlyCount "59"]
[EventDate "2004.??.??"]
[Source "SG Dortmund"]
[SourceDate "2004.12.16"]

{A13: English Opening: 1...e6
} 1. c4 e6 2. g3 Nf6 3. Bg2 d5 4. Nf3 g6 5. O-O
Bg7 6. d4 O-O 7. b3 (7. Nbd2 Na6 8. b3 c5 9. Bb2 b6 10. Rc1 Bb7 11. Qc2 Nb4 12.
Qb1 dxc4 13. a3 cxd4 14. Rxc4 Nc6 15. Nxd4 Nxd4 16. Rxd4 Qe7 17. Bxb7 Qxb7 18.
Rc1 Rfd8 19. Qa1 Nd7 20. Rd3 Bxb2 21. Qxb2 Nc5 22. Rxd8+ Rxd8 23. b4 Ne4 24.
Nxe4 Qxe4 25. Qf6 {1/2-1/2 Adorjan,A-Lputian,S/Altensteig 1989/CBM 14 (25)})
7... c6 $146 (7... b6 8. Ba3 Re8 9. Nbd2 Bb7 10. Rc1 Nbd7 11. Re1 Ne4 12. Qc2
Rc8 13. Rcd1 f5 14. Bb2 Qe7 15. Ne5 Nxe5 16. dxe5 Red8 17. Nb1 dxc4 18. Qxc4 c5
19. f3 Ng5 20. Na3 a6 21. Qh4 b5 22. Rd6 Bf8 23. Bc1 Nf7 24. Qxe7 Bxe7 25. Rxe6
Rc7 26. f4 Bc8 27. Rb6 c4 28. Rb8 Bc5+ 29. e3 Bb4 30. Rf1 cxb3 31. axb3 Be6 32.
Rb6 Bc8 33. Rc6 Rxc6 34. Bxc6 Be6 35. Nc2 Bc3 36. e4 Bxb3 37. Ne3 fxe4 38. Bxe4
a5 39. Rf3 b4 40. Nf1 a4 {0-1 Euwe,M-Book,E/Dubrovnik 1950/MCD (40)}) (7... Nc6
8. Bb2 Ne7 9. Nc3 c6 10. Qc2 Bd7 11. e4 dxe4 12. Nxe4 Nxe4 13. Qxe4 Qc7 14. Ne5
Rad8 15. Rad1 Bc8 16. Rd3 Bxe5 17. dxe5 Rxd3 18. Qxd3 Rd8 19. Qe2 c5 20. Rd1 b6
21. Bc3 Rd7 22. Be4 {Ziegler,M-Malovrh,A/Deizisau 1999/EXT 2000/1/2-1/2 (48)})
(7... Nbd7 8. Bb2 c5 9. Nbd2 b6 10. dxc5 bxc5 11. cxd5 exd5 12. Rc1 Bb7 13. Rc2
Re8 14. Ne1 Qb6 15. Nd3 a5 16. Bf3 a4 17. Qc1 axb3 18. axb3 Rac8 19. Rd1 Bf8
20. Ba3 Ba6 21. Nf4 d4 22. Qb2 {
Calotescu,A-Sandu,M/Bucharest 1998/EXT 2000/0-1 (36)}) 8. Bb2 Qc7 9. Nc3 b6 10.
cxd5 exd5 11. Rc1 Bh6 12. e3 {Punkt f4} 12... Be6 13. Ne5 Rc8 14. f4 Qb7 15. g4
Bg7 16. Qf3 {Weiss bereitet f5 vor} (16. f5 gxf5 17. gxf5 Bd7 $18) 16... Nfd7
$2 (16... Re8 17. Qg3 $14) 17. Ne2 (17. f5 Nxe5 18. dxe5 Bxe5 19. fxe6 fxe6 $18
) 17... f6 (17... Re8 $5 $14 {sieht gut aus}) 18. f5 $16 Bf7 $2 (18... Bxf5
$142 19. gxf5 fxe5 20. fxg6 Rf8 $18 (20... hxg6 21. Qf7+ Kh8 22. Rf3 $18)) 19.
Nxf7 $18 Kxf7 20. fxg6+ hxg6 21. e4 (21. Nf4 $5 {
damit wuerde Weiss es sich noch erleichtern} 21... Qa6 $18) 21... dxe4 22. Qxe4
Re8 23. Qc2 Qa6 (23... Bh6 24. Nf4 Bxf4 25. Rxf4 $18) 24. Rce1 Nf8 25. d5 Qc8 (
25... Qa5 26. a3 Qc5+ 27. Qxc5 bxc5 28. dxc6 $18) 26. g5 ({Schwaecher ist} 26.
dxc6 Qxg4 27. Nd4 Rxe1 28. Rxe1 Kg8 $18) 26... Nh7 (26... f5 {
bietet noch letzte Rettungschancen} 27. dxc6 Ne6 $18) 27. Nf4 Nf8 (27... f5 28.
dxc6 Rxe1 29. Rxe1 Bxb2 30. Bd5+ Kf8 31. Qxb2 Qe6 32. Qh8+ Kf7 33. Bxe6+ Ke7
34. Bd7+ Kd6 35. Qe5#) 28. dxc6 Qg4 (28... Kg8 {waere gleichermassen fruchtlos}
29. Qc4+ Re6 30. Nxe6 $18) 29. Qc4+ Ne6 30. Nxe6 (30. Nxe6 Qxc4 31. bxc4 Rxe6
32. Bd5 Nxc6 33. Rxe6 $18) 1-0

[Event "58. BEM 2004"]
[Site "Dortmund"]
[Date "2004.03.15"]
[Round "7.13"]
[White "Raskin, Vitali"]
[Black "Krüger, Georg"]
[Result "1-0"]
[WhiteElo "1668"]
[BlackElo "1753"]
[Annotator "Fritz 7 (15s)"]
[PlyCount "69"]
[EventDate "2004.??.??"]
[Source "SG Dortmund"]
[SourceDate "2004.12.16"]

{A53: Old Indian Defence without Nf3
} 1. d4 Nf6 2. c4 d6 3. Nc3 c6 4. e4 Nbd7
5. Bd3 e5 6. d5 cxd5 (6... Be7 7. Nf3 (7. Nge2 O-O 8. h3 Ne8 9. Be3 Bg5 10. Qd2
Bxe3 11. Qxe3 c5 12. a4 a6 13. g4 Rb8 14. h4 Qa5 15. O-O Qd8 16. h5 g5 17. Ng3
h6 18. Nf5 Qf6 19. f3 Ng7 20. Kg2 Nxf5 21. exf5 Qd8 22. Ne4 Nf6 23. Rfb1 {
1/2-1/2 Maka,M-Gawronski,L/Krynica 1998/EXT 2002 (23)}) 7... O-O 8. O-O cxd5 9.
cxd5 Nc5 10. Bc2 Bg4 11. h3 Bh5 12. Be3 Rc8 13. Rb1 a6 14. Qe2 b5 15. a3 Qe8
16. Rfc1 Rc7 17. b4 Ncd7 18. Bd3 Qb8 19. a4 Re8 20. Bd2 Nb6 21. axb5 axb5 22.
Nxb5 Rxc1+ 23. Bxc1 Nbxd5 24. g4 Bg6 25. g5 Nxe4 {
0-1 Botvinnik,I-Gruenfeld,Y/Givatayim 1998/CBM 65 (25)}) 7. exd5 $146 (7. cxd5
Nc5 8. Bc2 Bd7 9. b4 Na6 10. Rb1 Be7 11. Nge2 O-O 12. O-O Ne8 13. Ng3 Rc8 14.
Qd3 Bg5 15. Ba3 Qc7 16. Nge2 f5 17. Rb2 g6 18. Bb1 Kh8 19. Rb3 Nf6 20. Bb2 f4
21. f3 Qb6+ {Schroter,T-Belikov,V/Gyor 1991/EXT 97/0-1 (40)}) 7... Nc5 8. Bc2
a5 9. Nge2 Be7 10. O-O O-O 11. h3 {Verwehrt dem Gegner g4} 11... Nh5 12. g4 Nf6
13. Ng3 h5 14. g5 Nh7 15. Bxh7+ (15. Qxh5 $6 g6 (15... Nxg5 $4 {
der kann natuerlich nicht genommen werden} 16. Bxg5 f5 17. Bxe7 Qxe7 18. Nxf5 (
18. Bxf5 $143 Bxf5 19. Nxf5 Qd7 $18) 18... Bxf5 19. Bxf5 $18) 16. Bxg6 fxg6 17.
Qxg6+ Kh8 $11) 15... Kxh7 16. Qxh5+ Kg8 17. Kh2 g6 {Deckt f5} 18. Qh6 Re8 19.
Nge4 Nxe4 20. Nxe4 Bf5 21. Re1 f6 (21... a4 22. Bd2 $14) 22. gxf6 Bxf6 23. Ng5
(23. Bg5 $142 $5 Bxg5 24. Qxg5 $16) 23... Re7 $11 24. Rg1 Qb6 25. Be3 Qxb2 26.
Ne6 {Nimmt den isolierten Bauern g6 ins Visier. Der Brueckenkopf e6} 26... Rh7
$4 {danach kann Schwarz alle Traeume begraben} (26... Qc2 $142 {
haette die Partie gerettet} 27. Rac1 Qd3 $11) 27. Rxg6+ $1 $18 {
Beseitigt den Bauernschutz.} 27... Bxg6 $4 {Schwarz bricht voellig ein} (27...
Kh8 28. Rxf6 Rg8 $18) 28. Qxg6+ {Motiv: Doppelangriff} 28... Rg7 (28... Bg7 {
macht keinen grossen Unterschied} 29. Rb1 Qe2 30. Rxb7 $18) 29. Nxg7 (29. Qxf6
Rg4 30. hxg4 e4 31. Qg6+ Kh8 32. Rh1 Qxf2+ 33. Bxf2 Rg8 34. Kg3#) 29... Bxg7
30. Rg1 (30. Rb1 $142 {sichert den Gewinn} 30... Qxb1 31. Qxb1 Rf8 $18) 30...
e4 31. Qxd6 (31. Bh6 Rf8 32. Qe6+ Rf7 33. Rxg7+ Qxg7 34. Bxg7 Kxg7 35. Qxd6
Rxf2+ 36. Kg3 Rf3+ 37. Kh4 Rf7 $18) 31... Kh8 32. Rg5 Rf8 (32... Qf6 {
verlaengert das Leiden} 33. Qg3 Rf8 $18) 33. Rh5+ Kg8 34. Qe6+ Rf7 35. Rf5 (35.
Rf5 Qf6 36. Rxf6 Bxf6 37. d6 $18) 1-0

[Event "58. BEM 2004"]
[Site "Dortmund"]
[Date "2004.03.15"]
[Round "7.14"]
[White "Gielisch, Eckhart"]
[Black "Scholtyßek, Norbert"]
[Result "1-0"]
[WhiteElo "1851"]
[BlackElo "1608"]
[Annotator "Fritz 7 (15s)"]
[PlyCount "65"]
[EventDate "2004.??.??"]
[Source "SG Dortmund"]
[SourceDate "2004.12.16"]

{D26: Queen's Gambit Accepted: 4 e3 e6 5 Bxc5 c5 sidelines
} 1. d4 d5 2. c4
dxc4 3. Nf3 Nf6 4. e3 e6 5. Bxc4 Bd6 6. Nc3 c6 $146 {
Der Gegner darf nicht nach b5} (6... O-O 7. O-O (7. e4 Bb4 8. e5 Nd5 9. Qd3 h6
10. O-O c5 11. Ne4 cxd4 12. Nxd4 Nd7 13. Qg3 Kh8 14. Bxd5 exd5 15. Nf5 Rg8 16.
Ned6 Qf8 17. Qh4 Nxe5 18. Nxc8 Rxc8 19. Be3 Rc4 20. Qh3 Bc5 21. Rad1 Bxe3 22.
Nxe3 Rc5 23. Nxd5 Qc8 24. Qa3 Nc4 25. Qxa7 Nxb2 26. Nb6 Qc6 27. Rd7 Rc1 28. Re7
Rxf1+ 29. Kxf1 Qc1+ 30. Re1 Qc6 31. h4 Nd3 32. Rd1 Qc2 33. Rxd3 Qxd3+ {
0-1 Souza Mendes,J-Ammar,S/Fortaleza 1960/EXT 2001 (33)}) 7... c6 (7... Nbd7 8.
e4 e5 9. d5 a6 10. a4 b6 11. Qe2 Bb7 12. Rd1 Qc8 13. Nh4 g6 14. Bh6 Re8 15. Qf3
Bf8 16. Bg5 Bg7 17. Ba2 Qb8 18. Rd2 h6 19. Bxf6 Bxf6 20. d6 Kg7 21. Qg4 Bc8 22.
Nf5+ Kf8 23. Nxh6 Nc5 24. Qf3 Kg7 25. dxc7 Qxc7 26. Qxf6+ Kxh6 27. Bxf7 Re6 28.
Qh8+ Kg5 29. h4+ {1-0 Finegold,G-Tresch,L/Oisterwijk 1990/TD (29)}) 8. e4 Be7
9. Bd3 h6 10. Bc2 Nh7 11. Be3 f5 12. Ne2 Ng5 13. Nxg5 hxg5 14. f4 g4 15. Ng3
Qe8 16. Re1 Bh4 17. exf5 Bxg3 18. hxg3 exf5 19. Bb3+ Kh7 20. d5 cxd5 21. Bc5 {
1-0 Rosenthal,S-Gifford,H/Paris 1878/EXT 2002 (21)}) (6... Nc6 7. e4 e5 8. dxe5
Nxe5 9. Nxe5 Bxe5 10. Qxd8+ Kxd8 11. Bxf7 Bxc3+ 12. bxc3 Nxe4 13. O-O Bd7 14.
Ba3 Kc8 15. Rfe1 Nd6 16. Bxd6 cxd6 17. Re7 Kd8 18. Rae1 Rc8 19. c4 Bc6 20. Bh5
g6 21. Bg4 Rc7 22. Rxc7 Kxc7 23. Re7+ Kb6 24. f4 Kc5 25. Be6 Rf8 26. g3 h5 27.
Kf2 Kd4 28. Bd5 g5 29. Bf7 gxf4 30. gxf4 h4 31. Ke2 a6 32. Kd2 b5 33. cxb5 axb5
34. f5 Be4 35. f6 d5 36. a3 Kc5 37. Ke3 Kd6 38. Kd4 Bf5 {
1/2-1/2 Diesen,M-Schleifer,M/Internet ICC 2001/EXT 2002 (38)}) 7. O-O Bc7 8. b4
b5 9. Bb3 Bb7 10. e4 h6 {Ueberdeckt g5} (10... a5 11. bxa5 Bxa5 12. Qc2 $11)
11. Qe2 (11. e5 Nfd7 $16) 11... O-O (11... a5 12. e5 axb4 13. Ne4 Nxe4 14. Qxe4
$11) 12. Rd1 Qe7 (12... a5 13. bxa5 Bxa5 14. Bb2 $14) 13. a3 e5 (13... a5 $5 {
ist erwaegenswert} 14. e5 Nd5 $14) 14. dxe5 Bxe5 15. Nxe5 Qxe5 16. Bb2 Qe7 17.
e5 Nh7 18. f4 Kh8 (18... a5 $142 19. Bc2 axb4 $16) 19. Ne4 Nd7 $2 (19... Bc8
$18) 20. Nd6 Nb6 21. Qe4 Rab8 (21... Qc7 $18) 22. Bc2 g6 23. e6+ Nf6 (23... f6
$18 {ist vielleicht ein Schwindelversuch}) 24. Nxf7+ Rxf7 25. exf7 Qxf7 26.
Qxg6 Qxg6 27. Bxg6 Nbd5 (27... Kg7 {holt die Kuh nicht vom Eis} 28. f5 Rf8 29.
Rd6 $18) 28. Rxd5 $1 {Eliminiert eine wichtige Deckungsfigur: d5} 28... Kg7 (
28... cxd5 29. Bxf6+) 29. Bxf6+ (29. Rd6 $142 $5 {
waere im Gewinnsinne praeziser} 29... Kxg6 30. Rxf6+ Kh7 $18) 29... Kxg6 30.
Be5 (30. Rd6 Ba8 31. Re1 Rb7 32. Bh8+ Kh7 33. Re8 a6 34. Bc3 Rg7 35. f5 Bb7 36.
Rg6 Rg8 37. Rexg8 c5 38. R6g7#) 30... Rg8 (30... cxd5 {lenkt vielleicht noch ab
} 31. Bxb8 a6 $18) 31. Rd6+ Kf5 (31... Kh5 {waere gleichermassen fruchtlos} 32.
h3 Bc8 33. Kf2 $18) 32. h3 h5 33. Re1 (33. Re1 Rg6 34. Rd8 $18) 1-0